香港地區 - Statistics

General Stats
  • This quiz has been taken 152 times
  • The average score is 56 of 111
Answers on the Map
Answers color-coded by a green-red scale on the quiz's map according to % correct below.
 
Answer Stats
十八區 地區 % Correct
中西區 中環
87%
灣仔區 灣仔
87%
東區 柴灣
83%
東區 北角
81%
中西區 上環
79%
油尖旺區 旺角
79%
沙田區 沙田
79%
西貢區 西貢
79%
大埔區 大埔
79%
中西區 堅尼地城
78%
灣仔區 銅鑼灣
78%
屯門區 屯門
78%
油尖旺區 尖沙咀
76%
油尖旺區 油麻地
76%
觀塘區 觀塘
76%
荃灣區 荃灣
76%
元朗區 元朗
76%
黃大仙區 黃大仙
75%
葵青區 青衣
75%
中西區 西營盤
73%
東區 鰂魚涌
73%
深水埗區 深水埗
73%
西貢區 將軍澳
73%
離島區 長沙
71%
離島區 南丫島
71%
元朗區 天水圍
70%
深水埗區 長沙灣
68%
深水埗區 荔枝角
68%
觀塘區 油塘
68%
離島區 長洲
68%
離島區 東涌
68%
南區 黃竹坑
67%
九龍城區 土瓜灣
67%
九龍城區 九龍塘
67%
觀塘區 九龍灣
67%
沙田區 大圍
67%
沙田區 馬鞍山
67%
北區 上水
67%
南區 香港仔
65%
黃大仙區 鑽石山
65%
沙田區 火炭
65%
東區 筲箕灣
63%
南區 鴨脷洲
63%
九龍城區 紅磡
63%
南區 赤柱
62%
九龍城區 九龍城
62%
離島區 赤鱲角
60%
東區 西灣河
59%
觀塘區 藍田
59%
北區 粉嶺
59%
離島區 梅窩
59%
離島區 大澳
59%
南區 石澳
57%
深水埗區 石硤尾
57%
葵青區 葵涌
57%
灣仔區 跑馬地
56%
南區 薄扶林
56%
觀塘區 牛頭角
56%
荃灣區 馬灣
56%
北區 沙頭角
56%
九龍城區 何文田
54%
油尖旺區 大角咀
52%
中西區 石塘咀
51%
中西區 山頂
51%
中西區 半山區
48%
離島區 昂坪
46%
荃灣區 深井
44%
元朗區 錦田
44%
元朗區 洪水橋
43%
黃大仙區 慈雲山
41%
南區 大潭
40%
觀塘區 秀茂坪
40%
離島區 坪洲
40%
離島區 愉景灣
40%
屯門區 小欖
38%
元朗區 流浮山
37%
大埔區 平洲
35%
離島區 喜靈洲
35%
離島區 蒲台
35%
北區 古洞
33%
元朗區 八鄉
33%
元朗區 屏山
32%
荃灣區 汀九
30%
屯門區 藍地
30%
南區 舂坎角
29%
黃大仙區 新蒲崗
29%
觀塘區 茶果嶺
29%
西貢區 滘西洲
29%
黃大仙區 牛池灣
27%
元朗區 新田
27%
元朗區 石崗
27%
屯門區 掃管笏
27%
北區 坪輋
24%
大埔區 大埔滘
22%
大埔區 塔門
22%
沙田區 小瀝源
21%
西貢區 東龍洲
21%
西貢區 吊鐘洲
21%
北區 軍地
21%
北區 打鼓嶺
21%
離島區 塘福
17%
黃大仙區 橫頭磡
16%
大埔區 汀角
16%
深水埗區 又一村
14%
西貢區 橋咀洲
13%
北區 吉澳
13%
離島區 石壁
13%
離島區 石鼓洲
11%
離島區 螺洲
8%
北區 往灣洲
6%
離島區 大鴉洲
6%
No matching quizzes found
Score Distribution
Percent of People with Each Score
Percentile by Number Answered
Your Score History
You have not taken this quiz